| 000 | 00439ntaaa2200169 4500 | ||
|---|---|---|---|
| 003 | 01 | ||
| 005 | 20251027201855.0 | ||
| 008 | 0714s1973 ag 01 | ||
| 040 |
_aAR-BaBN _bspa _cAR-BaBN _eaacr _dRIC |
||
| 082 | _a230.1000 K25 | ||
| 100 |
_aKeeton, Morris _917212 |
||
| 245 | _aValues men live by; an invitation to religious inquiry. | ||
| 250 |
_a1 ed. : _bAbingdon Press, _cc/960 |
||
| 300 | _a224 p. | ||
| 650 | _aTeologĂa | ||
| 942 | _cBK | ||
| 999 |
_c13421 _d13421 |
||